Шрифт, как художественный замысел печатной графики; Научная инициатива иностранных студентов и аспирантов российских вузов

Bibliografiske detaljer
Parent link:Научная инициатива иностранных студентов и аспирантов российских вузов.— 2019.— [С. 286-293]
Hovedforfatter: Солодилова О. В. Ольга Викторовна
Institution som forfatter: Национальный исследовательский Томский политехнический университет Инженерная школа информационных технологий и робототехники Отделение автоматизации и робототехники
Andre forfattere: Чэнь Цяньюй (научный руководитель), Давыдова Е. М. Евгения Михайловна
Summary:Заглавие с экрана
Sprog:russisk
Udgivet: 2019
Serier:Актуальные проблемы языкознания и литературоведения
Fag:
Online adgang:http://earchive.tpu.ru/handle/11683/56593
Format: MixedMaterials Electronisk Book Chapter
KOHA link:https://koha.lib.tpu.ru/cgi-bin/koha/opac-detail.pl?biblionumber=630294

MARC

LEADER 00000naa2a2200000 4500
001 630294
005 20231101133614.0
035 |a (RuTPU)RU\TPU\conf\31260 
035 |a RU\TPU\conf\31257 
090 |a 630294 
100 |a 20191025d2019 k y0rusy50 ca 
101 0 |a rus 
102 |a RU 
105 |a y z 101zy 
135 |a drcn ---uucaa 
181 0 |a i  
182 0 |a b 
200 1 |a Шрифт, как художественный замысел печатной графики  |f О. В. Солодилова, Чэнь Цяньюй  |g науч. рук. Е. М. Давыдова 
203 |a Текст  |c электронный 
225 1 |a Актуальные проблемы языкознания и литературоведения 
230 |a 1 компьютерный файл (pdf; 859 Kb) 
300 |a Заглавие с экрана 
320 |a [Библиогр.: с. 292-293 (3 назв.)] 
463 0 |0 (RuTPU)RU\TPU\conf\30816  |t Научная инициатива иностранных студентов и аспирантов российских вузов  |o сборник докладов IX Всероссийской научно-практической конференции, Томск, 24-26 апреля 2019 г.  |f Национальный исследовательский Томский политехнический университет (ТПУ)  |v [С. 286-293]  |d 2019 
610 1 |a электронный ресурс 
610 1 |a труды учёных ТПУ 
610 1 |a шрифты 
610 1 |a печатная графика 
610 1 |a письменность 
610 1 |a художественные образы 
610 1 |a издательское дело 
610 1 |a полиграфия 
610 1 |a шрифтовое оформление 
610 1 |a шрифтовые стили 
700 1 |a Солодилова  |b О. В.  |g Ольга Викторовна 
701 0 |a Чэнь Цяньюй 
702 1 |a Давыдова  |b Е. М.  |c специалист в области инженерной графики и начертательной геометрии  |c старший преподаватель Томского политехнического университета  |f 1975-  |g Евгения Михайловна  |2 stltpush  |4 727 
712 0 2 |a Национальный исследовательский Томский политехнический университет  |b Инженерная школа информационных технологий и робототехники  |b Отделение автоматизации и робототехники  |h 7952  |2 stltpush  |3 (RuTPU)RU\TPU\col\23553 
801 2 |a RU  |b 63413507  |c 20191028  |g RCR 
856 4 |u http://earchive.tpu.ru/handle/11683/56593 
942 |c BK